000 00700nam a2200181Ia 4500
008 100921s9999 xx 000 0 und d
082 _b32988
_a641.6 थ 98
100 _aबावडेकर निलिमा.
245 _aचविष्ट भाज्या.
260 _bसंयम प्रकाशन, पुणे.
_c1998
300 _a64
_bशांती पब्लिकेशन,पुणे
365 _b10
520 _aतं.वि.-गृह-पा.शास्त्र.
630 _aचविष्ट भाज्या.
650 _aतं.वि.-गृह-पा.शास्त्र.
730 _aचविष्ट भाज्या.
942 _cBOOK
999 _c782101
_d782098